The Deputy Commissioner in East Pakistan (Record no. 84348)
[ view plain ]
| 000 -LEADER | |
|---|---|
| fixed length control field | 00767cam a2200253 4500 |
| 001 - CONTROL NUMBER | |
| control field | sa 68012166 |
| 003 - CONTROL NUMBER IDENTIFIER | |
| control field | DLC |
| 005 - DATE AND TIME OF LATEST TRANSACTION | |
| control field | 20260227112607.0 |
| 008 - FIXED-LENGTH DATA ELEMENTS--GENERAL INFORMATION | |
| fixed length control field | 691105s1968 pk b 00010 eng |
| 010 ## - LIBRARY OF CONGRESS CONTROL NUMBER | |
| LC control number | sa 68012166 //r84 |
| 025 ## - OVERSEAS ACQUISITION NUMBER | |
| Overseas acquisition number | PL480:EP-E-503 |
| 043 ## - GEOGRAPHIC AREA CODE | |
| Geographic area code | a-bg--- |
| 050 0# - LIBRARY OF CONGRESS CALL NUMBER | |
| Classification number | JS7094 |
| Item number | .A13D45 |
| 082 ## - DEWEY DECIMAL CLASSIFICATION NUMBER | |
| Classification number | 352/.005/095492 |
| 100 10 - MAIN ENTRY--PERSONAL NAME | |
| Personal name | Muhith, A. M. A., |
| Dates associated with a name | 1934- |
| 245 14 - TITLE STATEMENT | |
| Title | The Deputy Commissioner in East Pakistan |
| Statement of responsibility, etc. | [by] A. M. A. Muhith. |
| 250 ## - EDITION STATEMENT | |
| Edition statement | [1st ed.] |
| 260 0# - PUBLICATION, DISTRIBUTION, ETC. | |
| Place of publication, distribution, etc. | Dacca, |
| Name of publisher, distributor, etc. | National Institute of Public Administration |
| Date of publication, distribution, etc. | [1968] |
| 300 ## - PHYSICAL DESCRIPTION | |
| Extent | 120 p. |
| Dimensions | 25 cm. |
| 350 ## - PRICE (NR) (BK AM CF MU VM SE) [OBSOLETE] | |
| Price | 8.00 |
| 504 ## - BIBLIOGRAPHY, ETC. NOTE | |
| Bibliography, etc. note | Bibliography: p. 117-120. |
| 650 #0 - SUBJECT ADDED ENTRY--TOPICAL TERM | |
| Topical term or geographic name entry element | Local officials and employees |
| Geographic subdivision | Bangladesh |
| General subdivision | Case studies. |
| 650 #0 - SUBJECT ADDED ENTRY--TOPICAL TERM | |
| Topical term or geographic name entry element | Local government |
| Geographic subdivision | Bangladesh. |
No items available.